<?xml version="1.0" encoding="UTF-8"?>
<marc:record xmlns:marc="http://www.loc.gov/MARC21/slim">
   <marc:leader>00000nam a2200000 a 4500</marc:leader>
   <marc:datafield ind1="1" ind2=" " tag="100">
      <marc:subfield code="a">Dahlke, Rüdiger</marc:subfield>
      <marc:subfield code="4">aut</marc:subfield>
      <marc:subfield code="e">Verfasser/-in</marc:subfield>
   </marc:datafield>
   <marc:datafield ind1=" " ind2=" " tag="653">
      <marc:subfield code="a">Anleitung</marc:subfield>
   </marc:datafield>
   <marc:datafield ind1=" " ind2=" " tag="653">
      <marc:subfield code="a">Kochbuch</marc:subfield>
   </marc:datafield>
   <marc:datafield ind1=" " ind2=" " tag="653">
      <marc:subfield code="a">Rezept</marc:subfield>
   </marc:datafield>
   <marc:datafield ind1=" " ind2=" " tag="653">
      <marc:subfield code="a">Vegane Ernährung</marc:subfield>
   </marc:datafield>
   <marc:datafield ind1="0" ind2="0" tag="245">
      <marc:subfield code="a">Peace Food</marc:subfield>
   </marc:datafield>
   <marc:datafield ind1="0" ind2="0" tag="245">
      <marc:subfield code="b">das vegane Kochbuch</marc:subfield>
   </marc:datafield>
   <marc:datafield ind1=" " ind2="1" tag="264">
      <marc:subfield code="b">Gräfe und Unzer</marc:subfield>
      <marc:subfield code="c">2013</marc:subfield>
   </marc:datafield>
   <marc:datafield ind1="1" ind2=" " tag="520">
      <marc:subfield code="a">Klappentext: Peace Food - Das vegane Kochbuch ist die heiß ersehnte Fortsetzung des Bestsellers zur veganen Ernährung von Ruediger Dahlke. Genuss garantiert! Dahlke hat seine Lieblingsköche gebeten, in diesem Kochbuch ihre besten und leckersten Rezepte preiszugeben: 90 köstliche vegane Gerichte, die den Umstieg leicht machen. Von veganem Boef Stroganoff bis zum Veggie-Burger, vom ayurvedischen Frühstücksbrei bis zur Geburtstagstorte. Dazu gibt es viele Tipps für vegane Alternativen zu Eiern, Fleisch- und Milchprodukten. In seiner Einleitung beschreibt der Autor, wie eine rein pflanzliche Ernährung nicht nur dem Planeten und seinen tierischen wie menschlichen Bewohnern Frieden bringt. Wer sich vegan ernährt, baut auch ein regelrechtes Schutzschild gegen die gravierendsten Krankheitsbilder der Moderne auf, etwa gegen Krebs und Herzprobleme, Allergien und Diabetes, Übergewicht oder Alzheimer. Fazit: Eine ausgewogene, vollwertige pflanzliche Kost ist der beste Garant für ein langes gesundes Leben.</marc:subfield>
   </marc:datafield>
   <marc:datafield ind1=" " ind2=" " tag="020">
      <marc:subfield code="a">9783833833045</marc:subfield>
      <marc:subfield code="9">9783833833045</marc:subfield>
   </marc:datafield>
</marc:record>
